| Tag |
First Indicator |
Second Indicator |
Subfields |
| LEADER |
00000cam a2200000 a 4500 |
| 001 |
in00000071923 |
| 005 |
20230718105341.0 |
| 008 |
821215s1979 enka b 100 0 eng |
| 010 |
|
|
|a 81196863
|
| 015 |
|
|
|a GB8205130
|2 bnb
|
| 016 |
7 |
|
|a 011003235
|2 Uk
|
| 019 |
|
|
|a 6242646
|a 16542230
|a 60078877
|
| 020 |
|
|
|a 0855013249
|
| 020 |
|
|
|a 9780855013240
|
| 029 |
1 |
|
|a AU@
|b 000002206187
|
| 029 |
1 |
|
|a AU@
|b 000002593550
|
| 029 |
1 |
|
|a GBVCP
|b 075273748
|
| 029 |
1 |
|
|a UNITY
|b 084980427
|
| 035 |
|
|
|a (OCoLC)ocm09110526
|
| 035 |
|
|
|a (OCoLC)9110526
|z (OCoLC)6242646
|z (OCoLC)16542230
|z (OCoLC)60078877
|
| 035 |
|
|
|a (OCoLC)ocm09110526
|
| 040 |
|
|
|a DLC
|b eng
|c DLC
|d UKM
|d OCL
|d CUI
|d OCLCO
|d OCLCF
|d OCLCQ
|d OCL
|d EUM
|d OCLCQ
|d OCLCO
|
| 043 |
|
|
|a e-uk---
|
| 050 |
0 |
0 |
|a HD9571.6
|
| 050 |
1 |
4 |
|a TN863
|b .I576 1978
|
| 082 |
0 |
|
|a 333.8/23217
|2 19
|
| 084 |
|
|
|a NQ 99
|2 blsrissc
|
| 110 |
2 |
|
|a Institute of Petroleum (Great Britain).
|b Conference
|d (1978 :
|c London, England)
|
| 245 |
1 |
4 |
|a The effective use of petroleum :
|b proceedings of the Institute of Petroleum 1978 Annual Conference, London, England.
|
| 260 |
|
|
|a London :
|b Published by Heyden on behalf of the Institute of Petroleum,
|c ©1979.
|
| 300 |
|
|
|a xiii, 265 pages :
|b illustrations ;
|c 24 cm
|
| 336 |
|
|
|a text
|b txt
|2 rdacontent
|
| 337 |
|
|
|a unmediated
|b n
|2 rdamedia
|
| 338 |
|
|
|a volume
|b nc
|2 rdacarrier
|
| 504 |
|
|
|a Includes bibliographical references.
|
| 650 |
|
0 |
|a Petroleum conservation
|v Congresses.
|
| 650 |
|
0 |
|a Petroleum conservation
|z Great Britain
|v Congresses.
|
| 650 |
|
1 |
|a Petroleum
|z Great Britain.
|
| 650 |
|
1 |
|a Energy conservation
|z Great Britain.
|
| 650 |
|
6 |
|a Pétrole
|x Conservation
|v Congrès.
|
| 650 |
|
6 |
|a Pétrole
|x Conservation
|z Grande-Bretagne
|v Congrès.
|
| 650 |
|
7 |
|a Petroleum conservation.
|2 fast
|0 (OCoLC)fst01059484
|
| 651 |
|
7 |
|a Great Britain.
|2 fast
|0 (OCoLC)fst01204623
|
| 653 |
|
|
|a Great Britain
|a Petroleum
|a Conservation
|a Management
|
| 653 |
|
|
|a Great Britain
|a Petroleum
|a Consumption
|a Management
|
| 655 |
|
7 |
|a Conference papers and proceedings.
|2 fast
|0 (OCoLC)fst01423772
|
| 776 |
0 |
8 |
|i Online version:
|a Institute of Petroleum (Great Britain). Conference (1978 : London, England).
|t Effective use of petroleum.
|d London : Published by Heyden on behalf of the Institute of Petroleum, ©1979
|w (OCoLC)622827050
|
| 948 |
|
|
|h HELD BY TXA - 61 OTHER HOLDINGS
|
| 994 |
|
|
|a Z0
|b TXA
|
| 999 |
f |
f |
|s a6da10f0-5532-3bd9-aa38-01d5b8f2a9c3
|i 9b3ba924-e962-3d1d-b7b8-2ea3cbc4f178
|t 0
|
| 952 |
f |
f |
|p ric
|a Texas A&M University
|b Rellis Campus
|c Joint Library Facility
|s JLF
|d Remote Storage
|t 0
|e TN863 .E37
|h Library of Congress classification
|i unmediated -- volume
|m A14806255383
|